<?xml version="1.0" encoding="UTF-8"?>
<record
    xmlns:xsi="http://www.w3.org/2001/XMLSchema-instance"
    xsi:schemaLocation="http://www.loc.gov/MARC21/slim http://www.loc.gov/standards/marcxml/schema/MARC21slim.xsd"
    xmlns="http://www.loc.gov/MARC21/slim">

  <leader>01390nam a2200313   4500</leader>
  <controlfield tag="003">OSt</controlfield>
  <controlfield tag="005">20260601193844.0</controlfield>
  <controlfield tag="008">260420b2008    bl a|||| |||| 00| 0 spa d</controlfield>
  <datafield tag="020" ind1=" " ind2=" ">
    <subfield code="a">9788521204473</subfield>
  </datafield>
  <datafield tag="040" ind1=" " ind2=" ">
    <subfield code="a">ICI</subfield>
    <subfield code="b">spa</subfield>
    <subfield code="c">ICI</subfield>
  </datafield>
  <datafield tag="050" ind1=" " ind2=" ">
    <subfield code="a">NK1401</subfield>
    <subfield code="b">A1 2008</subfield>
  </datafield>
  <datafield tag="100" ind1=" " ind2="1">
    <subfield code="a">Gui Bonsiepe &#x2022; Silvia Fern&#xE1;ndez</subfield>
    <subfield code="9">31227</subfield>
  </datafield>
  <datafield tag="245" ind1=" " ind2="1">
    <subfield code="a">Historia del Dise&#xF1;o en Am&#xE9;rica Latina y el Caribe</subfield>
    <subfield code="b">industrializaci&#xF3;n y comunicaci&#xF3;n visual para la autonom&#xED;a</subfield>
    <subfield code="c">coordinaci&#xF3;n Silvia Fern&#xE1;ndez, Gui Bonsiepe ; traducciones Marco van Arnhem ... [y otros.] ; preparaci&#xF3;n: Paula Salinard (textos) ; Mar&#xED;a Bel&#xE9;n Garc&#xED;a Santa Cruz, Gaspar Mostaf&#xE1; Fern&#xE1;ndez, Emiliano Mendoza Pe&#xF1;a (im&#xE1;genes)</subfield>
  </datafield>
  <datafield tag="264" ind1=" " ind2=" ">
    <subfield code="b"> Bl&#xFC;cher</subfield>
    <subfield code="c">2008</subfield>
    <subfield code="a"> S&#xE3;o Paulo, Brasil</subfield>
  </datafield>
  <datafield tag="300" ind1=" " ind2=" ">
    <subfield code="a">371 p&#xE1;ginas</subfield>
    <subfield code="c">25.5 cm.</subfield>
  </datafield>
  <datafield tag="336" ind1=" " ind2=" ">
    <subfield code="a">texto</subfield>
    <subfield code="2">rdacontent</subfield>
  </datafield>
  <datafield tag="337" ind1=" " ind2=" ">
    <subfield code="a">sin medio</subfield>
    <subfield code="2">rdamedia</subfield>
  </datafield>
  <datafield tag="338" ind1=" " ind2=" ">
    <subfield code="a">volumen</subfield>
    <subfield code="2">rdacarrier</subfield>
  </datafield>
  <datafield tag="650" ind1=" " ind2=" ">
    <subfield code="a">Dise&#xF1;o industrial</subfield>
  </datafield>
  <datafield tag="650" ind1=" " ind2=" ">
    <subfield code="a">Dise&#xF1;o</subfield>
    <subfield code="x"> Historia </subfield>
    <subfield code="y">Siglo XX</subfield>
    <subfield code="z">Am&#xE9;rica Latina</subfield>
    <subfield code="9">31228</subfield>
  </datafield>
  <datafield tag="700" ind1=" " ind2=" ">
    <subfield code="a">Fern&#xE1;ndez, Silvia</subfield>
    <subfield code="e">editor</subfield>
    <subfield code="9">31229</subfield>
  </datafield>
  <datafield tag="700" ind1=" " ind2=" ">
    <subfield code="a">Bonsiepe, Gui, </subfield>
    <subfield code="e">editor</subfield>
  </datafield>
  <datafield tag="700" ind1=" " ind2=" ">
    <subfield code="a">Arnhem, Marco van</subfield>
    <subfield code="e"> traductor</subfield>
    <subfield code="9">31231</subfield>
  </datafield>
  <datafield tag="700" ind1=" " ind2=" ">
    <subfield code="a">Salinardi, Paula,</subfield>
    <subfield code="e"> colaborador</subfield>
    <subfield code="9">31232</subfield>
  </datafield>
  <datafield tag="700" ind1=" " ind2=" ">
    <subfield code="a">Garc&#xED;a Santa Cruz, Mar&#xED;a Bel&#xE9;n,</subfield>
    <subfield code="e">colaborador</subfield>
    <subfield code="9">31233</subfield>
  </datafield>
  <datafield tag="700" ind1=" " ind2=" ">
    <subfield code="a">Fern&#xE1;ndez, Gaspar Mostaf&#xE1;,</subfield>
    <subfield code="e"> colaborador</subfield>
    <subfield code="9">31234</subfield>
  </datafield>
  <datafield tag="700" ind1=" " ind2=" ">
    <subfield code="a">Mendoza Pe&#xF1;a, Emiliano, |</subfield>
    <subfield code="e">colaborador</subfield>
    <subfield code="9">31235</subfield>
  </datafield>
  <datafield tag="942" ind1=" " ind2=" ">
    <subfield code="2">ddc</subfield>
    <subfield code="c">B</subfield>
  </datafield>
  <datafield tag="999" ind1=" " ind2=" ">
    <subfield code="c">21583</subfield>
    <subfield code="d">21583</subfield>
  </datafield>
  <datafield tag="952" ind1=" " ind2=" ">
    <subfield code="0">0</subfield>
    <subfield code="1">0</subfield>
    <subfield code="2">lcc</subfield>
    <subfield code="4">0</subfield>
    <subfield code="7">0</subfield>
    <subfield code="a">BDIMFM</subfield>
    <subfield code="b">BDIMFM</subfield>
    <subfield code="d">2026-04-20</subfield>
    <subfield code="l">0</subfield>
    <subfield code="o">NK1401 A1 2008</subfield>
    <subfield code="p">BDIMFM000594</subfield>
    <subfield code="r">2026-04-20 18:14:00</subfield>
    <subfield code="t">Ej.1</subfield>
    <subfield code="w">2026-04-20</subfield>
    <subfield code="y">B</subfield>
  </datafield>
</record>
